| 000 | 00686nam a2200217 a 4500 | ||
|---|---|---|---|
| 005 | 20210223131016.0 | ||
| 008 | 090604s1999 ag r 000 0 spa d | ||
| 020 | _a9507530304 | ||
| 035 | _aUPN01000170967 | ||
| 049 | _aCG | ||
| 050 | 4 |
_aPQ7614 _bW3.3 |
|
| 100 | 1 |
_aWalsh, Rodolfo, _d1927- |
|
| 245 | 1 | 0 |
_aCuentos brutales / _cRodolfo Walsh, Abelardo Castillo, Luisa Valenzuela. |
| 260 |
_aBuenos Aires : _bCantaro, _c1999. |
||
| 300 |
_a92 p. : _bil. |
||
| 440 | 0 |
_aDel mirador ; _v122 |
|
| 650 | 4 |
_aLITERATURA ARGENTINA - _xHISTORIA Y CRITICA _97026 |
|
| 700 | 1 |
_aCastillo, Abelardo, _d1935- _ecoaut. _938032 |
|
| 700 | 1 |
_aValenzuela, Luisa, _d1938- _ecoaut. _934191 |
|
| 905 | _aLibro | ||
| 999 |
_c143072 _d143072 |
||